| 000 | 00788nab a2200241u 4500 | ||
|---|---|---|---|
| 001 | 09294 | ||
| 003 | HDC | ||
| 007 | c| |||a|c|aaaa | ||
| 008 | 210131b20141016my ||||| |||| 00| 0 eng d | ||
| 040 | _aHDC | ||
| 100 |
_aZafira Anwar / _eauthor _99629 |
||
| 245 | 0 |
_aForeign entrepreneurs to get 1-year working visa / _cZafira Anwar |
|
| 336 |
_atext _2rdacontent |
||
| 337 |
_acomputer _2rdamedia |
||
| 338 |
_aonline resource _2rdacarrier |
||
| 650 |
_aForeign entrepreneurs _99630 |
||
| 650 |
_aworking visa _99631 |
||
| 710 | _aNew Straits Times | ||
| 856 | _zRequest full-text at [email protected] | ||
| 942 | _2lcc | ||
| 942 | _cNEWS | ||
| 942 | _kNWSC 001579 | ||
| 999 |
_c6617 _d6617 |
||